Online Catalogue and eLibrary

Food, famine and the legal order (Record no. 2803)

MARC details
000 -LEADER
fixed length control field 00457nam a2200181Ia 4500
005 - DATE AND TIME OF LATEST TRANSACTION
control field 20240605015656.0
008 - FIXED-LENGTH DATA ELEMENTS--GENERAL INFORMATION
fixed length control field 240331s9999 xx 000 0 und d
082 ## - DDC Classification
Item Number - Author Mark FOO
Class No. 340
245 #0 - TITLE STATEMENT
Title Food, famine and the legal order
250 ## - EDITION STATEMENT
Edition statement 1 st
260 ## - PUBLICATION, DISTRIBUTION, ETC.
Place of publication, distribution, etc. Colombo
Name of publisher, distributor, etc. Lake House Investments Ltd
Date of publication, distribution, etc. 1982
300 ## - PHYSICAL DESCRIPTION
Extent (e.g. Volumes, Pages etc.) v, 207 p .,
650 ## - SUBJECT ADDED ENTRY--TOPICAL TERM
Topical term or geographic name entry element Legal
650 ## - SUBJECT ADDED ENTRY--TOPICAL TERM
Topical term or geographic name entry element Law
700 ## - ADDED ENTRY--PERSONAL NAME
Personal name Marasinghe, M. Lakshman
Relator term (Role) Editor
700 ## - ADDED ENTRY--PERSONAL NAME
Personal name Menezes, Julio
Relator term (Role) Editor
942 ## - Koha item type (Biblio)
Koha item type Books in Stacks (Lending)
Holdings
Lost status Damaged status Collection code Home library Current library Shelving location Date acquired Full call number Accession Number Item type
    Lending WERC Library WERC Library Social Science Cupboard 03/31/2024 340 FOO 1014 Books in Stacks (Lending)

© WERC Library